| 000 | 01491nam a2200301Ia 4500 | ||
|---|---|---|---|
| 001 | 35064 | ||
| 003 | IT-RoPAU | ||
| 008 | 130308s9999 xx 000 0 und d | ||
| 040 | _aIT-RoPAU | ||
| 040 | _cIT-RoPAU | ||
| 041 | _aFRANCESE | ||
| 100 | _aAA.VV. | ||
| 100 | _gCodice Aut. SPICS: 12000 | ||
| 245 | _aRhetorique de la poesie-Lecture lineaire, lecture tabulaire | ||
| 245 | _bRhetorique de la Poesie-Lecture Lineaire, Lecture Tabulaire | ||
| 250 | _a1a ed. | ||
| 260 | _aBRUXELLES | ||
| 260 | _bComplexe | ||
| 260 | _c1977 [1° Ed.:1977 - Ed.Ling.Originale:1977] | ||
| 300 | _a"300 p. (prefazione: no ; testo: 300)" | ||
| 500 | _aRetorica della Poesia Lettura Lineare e Tabulare Retorica Letteratura Poetica Specificità della Poetica Lettura Poetica testo Retorico Isotopia e Allotopia Isotopia e Lettura Retorica Allotopia e rivalutazione Teoria della Lettura plurale Modello Triadico Semantica del Poema Isoplasmia e Temporalità poetiche Non Mediatrici strategie Testuali Istanza Critica Valore Artistico Poesia e Ideologia Letture poetiche Fatrasia Orchestrazione dell'Impertinenza Dalla Retorica Alla Mitica Distico di Paul Jean toulet Modi dell'Isotopia e Strategia del Lineare in un Poema di Michel Deguy Dalla Poetica All'Iconica Poema concreto di I.H. Finlay Analisi di un Poema di Alfred Jarry e di Paul Eluard | ||
| 650 | _aSAGGI DI LINGUISTICA | ||
| 650 | _eCodice materia Spics: 3207 | ||
| 942 | _cBK | ||
| 957 | _71 | ||
| 999 |
_c65925 _d65925 |
||
| 999 | _bSI | ||
| 999 | _g1 | ||